Vplyv islamu na politickú situáciu štátov Strednej Ázie

Význam islamu v Strednej Ázii v rôznych časových obdobiach a následky jeho vplyvu. Islam ako neoddeliteľná súčasť politického systému stredoázijských štátov. Od ekonomickej a politickej stability v regióne závisí stupeň jeho radikalizácie.

Uložené v:
Podrobná bibliografia
Hlavný autor: Baleha, Andrianna, 1990-
Médium: Kapitola
Jazyk:Slovak
Predmet:
Tagy: Pridať tag
Žiadne tagy, Buďte prvý, kto otaguje tento záznam!

MARC

LEADER 00000naa a2200000 4500
001 0261526
005 20240502074147.9
041 0 |a slo 
044 |a SK 
245 1 0 |a Vplyv islamu na politickú situáciu štátov Strednej Ázie 
520 |a Význam islamu v Strednej Ázii v rôznych časových obdobiach a následky jeho vplyvu. Islam ako neoddeliteľná súčasť politického systému stredoázijských štátov. Od ekonomickej a politickej stability v regióne závisí stupeň jeho radikalizácie. 
610 2 0 |a islam 
610 2 0 |a Ázia 
610 2 0 |a radikalizmus 
610 2 0 |a politika 
100 1 |a Baleha, Andrianna, 1990-